000 00443nam a2200181Ia 4500
001 10312
005 20260306161823.0
008 260306t1983||||xx |||||||||||||| ||spa||
041 _aESP
082 _a918.57
_bN47
100 _aNeuenschwander Landa, Carlos
_eAUT
245 0 _aPaititi:
_ben la bruma de la historia
260 _c1983
300 _a153 páginas :
_c21 cm.
650 _aGEN
654 _aCHU
942 _cLIB
_dJUS
_fJUS
_2ddc
_n
999 _c10312
_d10312